| 000 | 01062nam a22003377a 4500 | ||
|---|---|---|---|
| 001 | 819 | ||
| 005 | 20230710151916.0 | ||
| 008 | |||
| 020 | _a0060236787 | ||
| 020 | _a0060236795 (lib. bdg.) | ||
| 040 |
_aDLC _cDLC _dDLC _beng |
||
| 050 | 0 | 0 |
_aPZ7.L2717 _bFl 1980 |
| 082 | 0 | 0 | _a813.54 |
| 100 | 1 |
_aLangton, Jane, _d1922-2018. |
|
| 245 | 1 | 4 |
_aThe fledgling / _cJane Langton. |
| 250 | _aFirst Scholastic printing, January 1990. | ||
| 260 |
_aNew York : _bScholastic, _c1990. |
||
| 300 |
_a182 pages : _billustration ; _c20 cm. |
||
| 500 | _a"An Ursula Nordstrom book." | ||
| 505 | _aT | ||
| 520 | _aGeorgie's fondest hope, to be able to fly, is fleetingly fulfilled when she is befriended by a Canada goose. | ||
| 521 |
_a800
_bLexile |
||
| 521 |
_aT
_bRaz-Plus |
||
| 650 | 1 |
_aFlight _vFiction. |
|
| 650 | 1 |
_aCanada geese _vFiction. |
|
| 650 | 1 |
_aDuck family (Birds) _vFiction. |
|
| 650 | 1 |
_aGeese _vFiction. |
|
| 650 | 1 |
_aHuman-animal relationships _vFiction. |
|
| 906 |
_a7 _bcbc _corignew _d1 _eocip _f19 _gy-gencatlg |
||
| 942 |
_2ddc _cBK _n0 |
||
| 999 |
_c819 _d819 |
||